| 000 | 00473nam a2200169Ia 4500 | ||
|---|---|---|---|
| 005 | 20250508161754.0 | ||
| 008 | 008 250505s9999 xx 000 0 eng d | ||
| 037 | _aTextual | ||
| 040 |
_aFEDL _beng _cFEDL |
||
| 041 |
_aeng _2eng |
||
| 084 |
_a821, STE _qFEDL |
||
| 245 | 0 | _aCollected poems of wallace stevens | |
| 260 |
_aFaridabad, India _bThomson Press (India) Ltd. _c1974 |
||
| 300 | _axv,534p. | ||
| 942 |
_cTEXL _h821, STE |
||
| 999 |
_c1372100 _d1372100 |
||